Soup - Sudden Death - Statistics

General Stats
  • This quiz has been taken 211 times
  • The average score is 5 of 16
Answers on the Grid
Answers color-coded by a green-red scale on the quiz's grid according to % correct below.
Miso ramen
Phở
Sopa de pata
Sopa paraguaya
Gelato
Jambalaya
Beef Wellington
Caldo verde
Naengguk
Tom yum
Japchae
Tamagoyaki
Quarkkäulchen
Poke
Vori vori
Harira
Gazpacho
Minestrone
Beef consommé
Ragi mudde
Mish-mash
Hot chicken
Żurek
Aziminu
French onion soup
Sinigang
Quiaude
Pelau
 
Answer Stats
Answer % Correct
French onion soup
68%
Phở
65%
Miso ramen
60%
Minestrone
55%
Gazpacho
53%
Sopa de pata
40%
Tom yum
39%
Beef consommé
34%
Caldo verde
15%
Sinigang
8%
Naengguk
7%
Żurek
7%
Harira
5%
Aziminu
2%
Quiaude
1%
Vori vori
1%
No matching quizzes found
Score Distribution
Percent of People with Each Score
Percentile by Number Answered
Your Score History
You have not taken this quiz